000 00910cam a2200265 a 4500
001 000014538
003 DO-SdBNP
005 20251031092114.0
007 ta
008 920204s1969 ve ab b 001 0 spa
040 _aDO-SdBNP
_bspa
_cBNPHU
082 4 _a330.91
_bB222d
_222
100 1 _aBaptista Gumucio, Mariano.
_d1832-1907
_932907
245 1 4 _aLos días que vendrán :
_bAmérica Latina, año 2000.
260 _aCaracas, Venezuela :
_bMonte Ávila editores,
_c1969.
300 _a237 p. :
_bil., mapas ;
_c20 cm.
490 1 _aPrisma
500 _aIncluye referencias bibliográficas : p. 343-345
650 4 _aSiglo XXI
_xPredicciones
_932911
651 0 _aAmérica Latina
_xCondiciones sociales
_y1945-1982.
_94092
651 0 _aAmérica Latina
_xCondiciones Económicas
_y1945-1982
_94092
651 4 _aAmérica Latina
_xHistoria
_91786
910 _aCatalogación derivada
942 _2ddc
_cLBS1
999 _c14125
_d14125